01616nam a22001697a 4500003000400000005001700004008004100021020001800062040002600080082001800106100004100124245010000165520101400265942001201279999001701291952013801308OSt20250619113856.0230518s2010 |||||||| |||| 00| f eng d a9780679603757 aCO-JMCRbspacCO-JMCR04aA-NbHILu2231 aHillenbrand, Laura / eautora94274210aUnbroken : bA world war II story of survival, resilience, and redemption / cLaura Hillenbrand aIn boyhood, Louis Zamperini was an incorrigible delinquent. As a teenager, he channeled his defiance into running, discovering a prodigious talent that carried him to the Berlin Olympics. But when World War II began, the athlete became an airman, embarking on a journey that led to a doomed flight on a May afternoon in 1943. When his Army Air Forces bomber crashed into the Pacific Ocean, against all odds, Zamperini survived, adrift on a foundering life raft. Ahead of Zamperini lay thousands of miles of open ocean, leaping sharks, thirst and starvation, enemy aircraft, and, beyond, a trial even greater. Driven to the limits of endurance, Zamperini would answer desperation with ingenuity; suffering with hope, resolve, and humor; brutality with rebellion. His fate, whether triumph or tragedy, would be suspended on the graying wire of his will. Unbroken is an unforgettable testament to the resilience of the human mind, body, and spirit, brought vividly to life by Seabiscuit author Laura Hillenbrand 2ddccBK c30044d16428 00102ddc4070aCPLbCPLcNEWd2023-05-18eDonaciónl2oA-N HILup201811849r2024-04-16 00:00:00s2024-04-16tEj.1w2023-05-18yBK